Harry Potter Groups of Five - Statistics

General Stats
  • This quiz has been taken 746 times
  • The average score is 28 of 40
Answer Stats
Hint Answer % Correct
Harry's Weasley Schoolmates Ron
100%
Male Gryffindor Roommates Ron Weasley
100%
Male Gryffindor Roommates Neville Longbottom
99%
Male Gryffindor Roommates Harry Potter
97%
Harry's Weasley Schoolmates Ginny
96%
Harry's Weasley Schoolmates Fred
95%
Harry's Weasley Schoolmates George
95%
Male Gryffindor Roommates Seamus Finnigan
94%
Male Gryffindor Roommates Dean Thomas
93%
Harry's Weasley Schoolmates Percy
93%
Living Basilisk Victims Hermione Granger
88%
Triwizard Finale Judges Albus Dumbledore
84%
Harry's N.E.W.T. Subjects Potions
81%
Things The Trio Passed to Find Quirrell Potions Puzzle
81%
Living Basilisk Victims Colin Creevey
77%
Things The Trio Passed to Find Quirrell Chess Set
76%
Harry's N.E.W.T. Subjects Defense Against the Dark Arts
73%
Harry's N.E.W.T. Subjects Transfiguration
70%
Things The Trio Passed to Find Quirrell Fluffy
69%
Things The Trio Passed to Find Quirrell Flying Keys
69%
Triwizard Finale Judges Igor Karkaroff
68%
Harry's N.E.W.T. Subjects Charms
66%
Triwizard Finale Judges Madame Maxime
65%
Dragons Hungarian Horntail
64%
Living Basilisk Victims Justin Finch-Fletchley
60%
Hufflepuffs in Dumbledore's Army Justin Finch-Fletchley
60%
Hufflepuffs in Dumbledore's Army Hannah Abbott
58%
Harry's N.E.W.T. Subjects Herbology
57%
Living Basilisk Victims Mrs. Norris
57%
Things The Trio Passed to Find Quirrell Devil's Snare
53%
Triwizard Finale Judges Ludo Bagman
53%
Triwizard Finale Judges Cornelius Fudge
52%
Dragons Chinese Fireball
45%
Hufflepuffs in Dumbledore's Army Ernie Macmillan
44%
Hufflepuffs in Dumbledore's Army Susan Bones
43%
Dragons Welsh Green
43%
Dragons Norberta
40%
Living Basilisk Victims Penelope Clearwater
38%
Hufflepuffs in Dumbledore's Army Zacharias Smith
37%
Dragons Swedish Short-Snout
31%
No matching quizzes found
Score Distribution
Percent of People with Each Score
Percentile by Number Answered
Your Score History
You have not taken this quiz